عرض عادي
عرض مارك
- Habibi, Mehran
مدخل إسم شخص
001 - رقم الضبط
- حقل الضبط: 39603
003 - معرف رقم الضبط
- حقل الضبط: OSt
005 - تاريخ ووقت أخر عملية
- حقل الضبط: 20131113202247.0
008 - عناصر بيانات ثابتة الطول
- حقل تحكم ثابت الطول: 131113|||a|||||| | ||| d
040 ## - مصدر الفهرسة
- هيئة الفهرسة الأصلية: OSt
- وكالة الكتابة: OSt
100 ## - مدخل -- أسم شخص
- إسم شخص: Habibi, Mehran
670 ## - بيانات المصدر موجوده
- الاستشهاد بالمصدر: Work cat.: (OSt)0: Habibi, Mehran, JAVA REGULAR EXPRESSIONS, c2012.
